1099 1067 1969 1820 1537 1665 1741 1088 1610 1176 1009 1784 1467 1233 1880 1650 1919 1659 1746 1343 1985 1081 1200 1541 1886 1214 1065 1596 1861 1291 1181 1719 1658 1987 1857 1686 1337 1566 1937 1348 1824 1718 1559 1423 1143 1160 1655 1425 1256 1716 1741 1954 1168 1615 1627 1928 1525 1340 1960 1504 1477 1427 1543 1444 1263 1912 1560 1081 1385 1834 1661 1463 1407 1270 1567 1469 1439 1175 1749 1781 1778 1016 1559 1067 1796 1956 1663 1642 1221 1436 1686 1832 1802 1106 1627 1563 1581 1743 1679 BCNSPRNW ULIB Ver.6.0+V

เปลี่ยนเป็นภาษาไทย

Change to English
 แสดงรายละเอียดบรรณานุกรม
  กลับหน้าหลัก

Brief Record : Get Marc (ISO 2709) : E-mail record : QR code < ปิดหน้าต่าง
LEADER : 00000nam 2200000uu 4500
001    13399108505
003     ULIB
008    110306s2553||||th 000 0 tha d
020    9789746725224
060 04 WM420^bท446จ 2553
100 0  ทินกร วงศ์ปการันย์
245 10 จิตบำบัด :^bทฤษฎีและเทคนิค = Psychotherapy : theoriesand techniques /^cทินกร วงศ์ปการันย์
246 31 Psychotherapy :^btheories and techniques
250    พิมพ์ครั้งที่ 2
260    เชียงใหม่:^bภาควิชาจิตเวชศาสตร์ คณะแพทยศาสตร์มหาวิทยาลัยเชียงใหม่,^c2553
300    xviii, 368 หน้า :^bภาพประกอบ ;^c21 ซม.
650  7 จิตบำบัด
710 2  มหาวิทยาลัยเชียงใหม่. ^bคณะแพทยศาสตร์.^bภาควิชาจิตเวชศาสตร์
945    ^p300^l0^i18036
945    ^p300^l0^i18035
945    ^p300^l0^i19291
995    เกษร
999 ^a ใช้งานได้ทุกระบบ
รายการนี้ยังไม่มีแท็ก
คุณยังไม่ได้ล็อกอิน คุณสามารถมีกิจกรรมร่วมกับเว็บไซต์ได้ แต่ต้องล็อกอินก่อน ::
  ล็อกอิน

รายการสื่อสารสนเทศ

ลำดับที่ ประเภท เลขเรียก/บาร์โค้ด สถานที่ สถานะ
1. วิทยาศาสตร์การแพทย์ และสุขภาพ
วิทยาศาสตร์การแพทย์ และสุขภาพ
สถานะ=หนังสือเก่า
WM420 ท446จ 2553 ฉ.1 
  Barcode: 18035
ห้องสมุดวิทยาเขตนครสวรรค์
►ส่วนจัดเก็บหนังสือเก่า นว.
บนชั้น
  ขอยืม
2. วิทยาศาสตร์การแพทย์ และสุขภาพ
วิทยาศาสตร์การแพทย์ และสุขภาพ
สถานะ=หนังสือเก่า
WM420 ท446จ 2553 ฉ.2 
  Barcode: 18036
ห้องสมุดวิทยาเขตนครสวรรค์
►ส่วนจัดเก็บหนังสือเก่า นว.
บนชั้น
  ขอยืม
3. วิทยาศาสตร์การแพทย์ และสุขภาพ
วิทยาศาสตร์การแพทย์ และสุขภาพ
สถานะ=หนังสือเก่า
WM420 ท446จ 2553 ฉ.3 
  Barcode: 19291
ห้องสมุดวิทยาเขตนครสวรรค์
►ส่วนจัดเก็บหนังสือเก่า นว.
บนชั้น
  ขอยืม

รายการใกล้เคียง
    ผู้แต่ง [ทินกร วงศ์ปการันย์]

    หัวเรื่อง [จิตบำบัด]

BibComment


ยังไม่เคยถูกคอมเมนท์

คอมเมนท์ทรัพยากรรายการนี้
  คอมเมนท์: จิตบำบัด ทฤษฎีแล..


 Copyright 2026. Bcnsprnw @Library